000 00321nam a22000977a 4500
999 _c8094
_d8095
008 190708b ||||| |||| 00| 0 eng d
245 _aBhutan Trade Statistics 2017.
_bDepartment of Revenue and Customs.
_cMinistry of Finance.
260 _aThimphu ;
_bMinistry of Finance,
_c2017.
300 _avii, 508 p.
_c29 cm.
942 _2ddc